Evalaución de las condiciones expeimentales para la extracción de aceite esencial de romero para su uso como antioxidante en aceites comerciales
Kaydedildi:
| Yazar: | |
|---|---|
| Materyal Türü: | Kitap |
| Dil: | Spanish |
| Baskı/Yayın Bilgisi: |
San José, Costa Rica
2016
|
| Konular: | |
| Etiketler: |
Etiketle
Etiket eklenmemiş, İlk siz ekleyin!
|
MARC
| LEADER | 00000nam a22000007a 4500 | ||
|---|---|---|---|
| 003 | 012560 | ||
| 005 | 20221231144143.0 | ||
| 008 | 170301b2016 cr a|||| m||| 00| ||spa d | ||
| 040 | |c cru CEDI | ||
| 090 | |a TFG 7711 | ||
| 100 | |9 6766 |a Venegas Valverde, Pedro Alberto |b Venegas Valverde, Pedro Alberto | ||
| 245 | |a Evalaución de las condiciones expeimentales para la extracción de aceite esencial de romero para su uso como antioxidante en aceites comerciales | ||
| 260 | |a San José, Costa Rica |c 2016 | ||
| 300 | |a xii, 87[12] hojas; ilustraciones a color | ||
| 500 | |a Proyecto de graduación (licenciatura en ingeniería química)--Universidad de Costa Rica. Facultad de Ingeniería. Escuela de Ingeniería Química | ||
| 650 | |x EXTRACCION (QUIMICA) - METODOS |x BOTANICA MEDICA |x ESENCIAS Y ACEITES ESENCIALES - ANALISIS |x ESENCIAS Y ACEITES ESENCIALES - PRUEBAS |9 6767 | ||
| 942 | |c TFG | ||
| 999 | |c 17677 |d 17677 | ||
